| 000 | 01106ngm a22003730a 4500 | ||
|---|---|---|---|
| 001 | PT16754 | ||
| 003 | AR-LpoUNG | ||
| 005 | 20210202000241.0 | ||
| 007 | vd cvaizq | ||
| 008 | 191001ss. f||||ag |||||||||||||||||spa d | ||
| 037 | _c$6.63 | ||
| 040 |
_aAR-LpoUNG _bspa _cAR-LpoUNG _eaacr |
||
| 041 | _aspa | ||
| 044 | _aag | ||
| 082 | 0 | _a982.064 48noc | |
| 100 | 1 |
_aOlivera, Héctor _edir. |
|
| 245 | 1 | 3 | _aLa noche de los lápices |
| 260 |
_aBuenos Aires : _bVideo Films, _cs. f.. |
||
| 300 | _aVHS (101 min.) : son., col. | ||
| 520 | _aEl testimonio del único sobreviviente de la masacre estudiantil realizada por la dictadura militar contra los adolescentes que lucharon por la libertad y dignidad de los argentinos. | ||
| 650 | 4 | _aARGENTINA | |
| 650 | 4 | _aDICTADURA | |
| 650 | 4 | _aESTUDIANTES | |
| 650 | 4 | _aGOLPES DE ESTADO | |
| 650 | 4 | _aHISTORIA | |
| 650 | 4 | _aMOVIMIENTOS ESTUDIANTILES | |
| 650 | 4 | _aORGANIZACIONES JUVENILES | |
| 650 | 4 | _aPARTICIPACION ESTUDIANTIL | |
| 651 | 4 | _aArgentina | |
| 653 | _aCINE ARGENTINO | ||
| 653 | _aVIDEOS | ||
| 905 | _a16754 | ||
| 942 | _cVIDEO | ||
| 999 |
_c54451 _d54451 |
||